[Event "9. Copa Itau de Xadrez"]
[Site "Sao Paulo BRA"]
[Date "2005.10.08"]
[Round "7.2"]
[White "Vescovi, Giovanni"]
[Black "Leitao, Rafael"]
[Result "1-0"]
[WhiteElo "2646"]
[BlackElo "2586"]
[PlyCount "133"]
[EventDate "2005.10.02"]
[EventType "swiss"]
[EventRounds "9"]
[EventCountry "BRA"]
[Source "lmi"]
[SourceDate "2005.10.11"]

1. e4 c6 2. d4 d5 3. Nc3 dxe4 4. Nxe4 Bf5 5. Ng3 Bg6 6. h4 h6 7. Nf3 Nd7 8. h5
Bh7 9. Bd3 Bxd3 10. Qxd3 Ngf6 11. Bf4 e6 12. O-O-O Be7 13. Kb1 O-O 14. Ne4 Nxe4
15. Qxe4 Nf6 16. Qe2 Qd5 17. Ne5 Qe4 18. Qxe4 Nxe4 19. Rhe1 Nf6 20. g4 Bd6 21.
f3 a5 22. Bd2 a4 23. Nd3 b5 24. c3 Rac8 25. Rc1 Rfd8 26. Be3 Nd5 27. Bf2 Nf4
28. Nxf4 Bxf4 29. Rc2 Rd7 30. Re4 Bg5 31. c4 Rcd8 32. cxb5 cxb5 33. Re5 Bf6 34.
Rxb5 Bxd4 35. Rb4 Bxf2 36. Rxf2 Ra7 37. Rc2 Kf8 38. a3 Ke7 39. Rcc4 Rda8 40.
Kc2 Kf6 41. Rb5 g6 42. Rf4+ Kg7 43. hxg6 fxg6 44. Rb6 Re7 45. Rbb4 Rea7 46.
Rfe4 Kf6 47. Kd3 h5 48. Ke3 Ra5 49. Rb6 Re5 50. Rxe5 Kxe5 51. gxh5 gxh5 52.
Rb5+ Kd6 53. Rxh5 Rb8 54. Ra5 Rxb2 55. Rxa4 Ra2 56. Rd4+ Ke5 57. Rd3 Kf5 58.
Kd4 Kf4 59. Kc5 e5 60. Rb3 Ra1 61. Kb6 Ra2 62. Kb5 e4 63. fxe4 Kxe4 64. a4 Rh2
65. a5 Kd5 66. a6 Kd6 67. a7 1-0

[Event "9. Copa Itau de Xadrez"]
[Site "Sao Paulo BRA"]
[Date "2005.10.08"]
[Round "7.4"]
[White "Crosa, Martin"]
[Black "De Souza, Mauro Guimaraes"]
[Result "1-0"]
[WhiteElo "2419"]
[BlackElo "2378"]
[PlyCount "131"]
[EventDate "2005.10.02"]
[EventType "swiss"]
[EventRounds "9"]
[EventCountry "BRA"]
[Source "lmi"]
[SourceDate "2005.10.11"]

1. d3 c5 2. g3 g6 3. Bg2 Bg7 4. f4 Nc6 5. e4 d6 6. Nc3 e5 7. Nh3 Nge7 8. O-O
O-O 9. f5 gxf5 10. Qh5 f6 11. exf5 Nd4 12. g4 Nxc2 13. g5 Qe8 14. g6 Nxg6 15.
fxg6 Qxg6 16. Qxg6 hxg6 17. Rb1 Be6 18. a3 Rad8 19. Nd5 Nd4 20. Bd2 b6 21. Rbe1
Kh7 22. Bc3 Bxd5 23. Bxd5 Bh6 24. Rf2 Nf5 25. Rfe2 Ne7 26. Be6 d5 27. Nf2 d4
28. Bd2 Bxd2 29. Rxd2 Rd6 30. Bc4 Nf5 31. Ng4 Nh6 32. h3 Nxg4 33. hxg4 Kh6 34.
Rh2+ Kg5 35. Re4 Rd7 36. Kf2 Rb8 37. Bb5 Re7 38. Kg3 Rbb7 39. Rh8 Rh7 40. Rxh7
Rxh7 41. Re1 Rh4 42. Bd7 Rh7 43. Bc6 Rc7 44. Bb5 Rh7 45. a4 Rh8 46. b3 Rh7 47.
Bc4 Rh4 48. Be6 Rh7 49. Kf3 Rh3+ 50. Ke4 Rh2 51. Kd5 Rd2 52. Kc6 Rxd3 53. Kb7
Re3 54. Rd1 e4 55. Kxa7 Re2 56. Kxb6 d3 57. Bc4 f5 58. gxf5 gxf5 59. a5 Rh2 60.
a6 f4 61. a7 Rh8 62. Bd5 Kf5 63. Rh1 Rd8 64. a8=Q Rxa8 65. Bxa8 f3 66. Kxc5 1-0

[Event "9. Copa Itau de Xadrez"]
[Site "Sao Paulo BRA"]
[Date "2005.10.08"]
[Round "7.5"]
[White "Matsuura, Everaldo"]
[Black "Pelikian, Jefferson"]
[Result "1-0"]
[WhiteElo "2453"]
[BlackElo "2406"]
[PlyCount "61"]
[EventDate "2005.10.02"]
[EventType "swiss"]
[EventRounds "9"]
[EventCountry "BRA"]
[Source "lmi"]
[SourceDate "2005.10.11"]

1. e4 d6 2. d4 Nf6 3. Nc3 g6 4. Be3 Bg7 5. Qd2 c6 6. Bh6 Bxh6 7. Qxh6 Qa5 8.
Bd3 Be6 9. Nge2 Qh5 10. Qd2 Bc8 11. O-O-O O-O 12. f3 Na6 13. h4 Nb4 14. e5
Nxd3+ 15. cxd3 Qf5 16. exf6 Qxf6 17. h5 Be6 18. Ne4 Qg7 19. hxg6 hxg6 20. Ng5
Bxa2 21. Rh7 Qxh7 22. Nxh7 Kxh7 23. Rh1+ Kg7 24. Qh6+ Kf6 25. Nf4 e5 26. Qh4+
Kf5 27. g4+ Kxf4 28. g5+ Ke3 29. Qe4+ Kf2 30. Qe1+ Kxf3 31. Qe4+ 1-0

[Event "9. Copa Itau de Xadrez"]
[Site "Sao Paulo BRA"]
[Date "2005.10.08"]
[Round "7.6"]
[White "Felgaer, Ruben"]
[Black "Mekhitarian, Krikor"]
[Result "1-0"]
[WhiteElo "2636"]
[BlackElo "2280"]
[PlyCount "115"]
[EventDate "2005.10.02"]
[EventType "swiss"]
[EventRounds "9"]
[EventCountry "BRA"]
[Source "lmi"]
[SourceDate "2005.10.11"]

1. e4 c5 2. Nf3 d6 3. d4 cxd4 4. Nxd4 Nf6 5. Nc3 a6 6. a4 e5 7. Nf3 Be7 8. Bg5
Nbd7 9. Nd2 d5 10. exd5 Nxd5 11. Bxe7 Nxe7 12. Bc4 Nf6 13. Nde4 Nxe4 14. Nxe4
O-O 15. Qxd8 Rxd8 16. Ng5 Rf8 17. O-O-O Bf5 18. Rhe1 Rac8 19. Bd3 f6 20. Ne4
Rfd8 21. c3 Kf8 22. Bc2 Nc6 23. Rxd8+ Rxd8 24. Nc5 Bc8 25. Be4 Na5 26. Bxh7 b6
27. Ne4 Kf7 28. h4 g6 29. h5 gxh5 30. Rh1 Be6 31. b4 Nb3+ 32. Kc2 Kg7 33. Rxh5
Bf7 34. Rh3 Be6 35. Rh5 Bf7 36. Rf5 Kxh7 37. Rxf6 Bg6 38. Kxb3 Bxe4 39. Rxb6
Rd2 40. Rxa6 Rxf2 41. b5 Bb7 42. Rd6 Rf7 43. c4 Re7 44. c5 e4 45. c6 e3 46. Rd1
Ba8 47. Re1 Kg6 48. Kc4 Kf5 49. Kd3 Kf4 50. Rf1+ Kg4 51. Ke2 Ra7 52. Ra1 Re7
53. Rc1 Re4 54. a5 Re5 55. a6 Rxb5 56. c7 Kf4 57. c8=Q Rb2+ 58. Rc2 1-0

[Event "9. Copa Itau de Xadrez"]
[Site "Sao Paulo BRA"]
[Date "2005.10.08"]
[Round "7.7"]
[White "Fier, Alexandr"]
[Black "Pereira, Silvio"]
[Result "1-0"]
[WhiteElo "2443"]
[BlackElo "2262"]
[PlyCount "47"]
[EventDate "2005.10.02"]
[EventType "swiss"]
[EventRounds "9"]
[EventCountry "BRA"]
[Source "lmi"]
[SourceDate "2005.10.11"]

1. e4 e5 2. f4 exf4 3. Nf3 d5 4. exd5 Nf6 5. Bc4 Nxd5 6. O-O Be6 7. Bb3 Bd6 8.
c4 Ne7 9. d4 c5 10. d5 Bf5 11. Nc3 h6 12. Ba4+ Kf8 13. Nb5 g5 14. Bd2 a6 15.
Nxd6 Qxd6 16. Bc3 f6 17. Bc2 Nd7 18. Re1 g4 19. Bxf5 Nxf5 20. Re6 Qc7 21. Bxf6
Rg8 22. Ne5 Ne3 23. Qd3 Re8 24. Qh7 1-0

[Event "9. Copa Itau de Xadrez"]
[Site "Sao Paulo BRA"]
[Date "2005.10.08"]
[Round "7.8"]
[White "Disconzi da Silva, Rodrigo"]
[Black "Ramon, Vivian"]
[Result "1/2-1/2"]
[WhiteElo "2389"]
[BlackElo "2260"]
[PlyCount "114"]
[EventDate "2005.10.02"]
[EventType "swiss"]
[EventRounds "9"]
[EventCountry "BRA"]
[Source "lmi"]
[SourceDate "2005.10.11"]

1. d4 Nf6 2. c4 g6 3. g3 c6 4. Bg2 d5 5. Nf3 Bg7 6. O-O O-O 7. b3 Ne4 8. Bb2
Bf5 9. Nfd2 Qd7 10. Nxe4 Bxe4 11. f3 Bf5 12. Na3 Rd8 13. e3 Bh3 14. Qe2 Bxg2
15. Kxg2 Qe6 16. Rfe1 a6 17. Rad1 Qd6 18. Nc2 Nd7 19. Ba3 Qf6 20. e4 dxe4 21.
fxe4 Bf8 22. e5 Qg7 23. e6 Nf6 24. Bc5 Rab8 25. Bb6 Re8 26. d5 cxd5 27. cxd5
Rbc8 28. Nb4 fxe6 29. dxe6 g5 30. Rd7 Qg6 31. Qd3 Qh5 32. h3 a5 33. Nd5 Nxd5
34. Rxd5 Rc6 35. Bxa5 Rec8 36. Re2 h6 37. g4 Qe8 38. Rd7 b6 39. Bb4 Rc1 40. Qf5
Ra1 41. Ba3 Ra8 42. Bb2 R1xa2 43. Qe5 Rxb2 44. Qxb2 Bg7 45. Qd2 Bf6 46. Qd3 Kg7
47. Rf2 Ra5 48. Rf5 Qa8+ 49. Kg3 Rxf5 50. Qxf5 Qa3 51. Qc2 Qb4 52. Kg2 Qe1 53.
Qc4 b5 54. Qxb5 Qe4+ 55. Kf1 Qf3+ 56. Kg1 Qg3+ 57. Kf1 Qf3+ 1/2-1/2

[Event "9. Copa Itau de Xadrez"]
[Site "Sao Paulo BRA"]
[Date "2005.10.08"]
[Round "7.9"]
[White "Gonzalez, Bolivar"]
[Black "Alonso, Jonathan"]
[Result "0-1"]
[WhiteElo "2257"]
[BlackElo "2378"]
[PlyCount "88"]
[EventDate "2005.10.02"]
[EventType "swiss"]
[EventRounds "9"]
[EventCountry "BRA"]
[Source "lmi"]
[SourceDate "2005.10.11"]

1. e4 c5 2. Nf3 d6 3. d4 cxd4 4. Nxd4 Nf6 5. Nc3 g6 6. Be3 Bg7 7. f3 Nc6 8. Bc4
O-O 9. Qd2 Bd7 10. O-O-O Rc8 11. Bb3 Ne5 12. Qe2 a6 13. h4 b5 14. h5 Rxc3 15.
bxc3 Nxh5 16. g4 Nf6 17. Bh6 Bxh6+ 18. Rxh6 Qa5 19. Qe3 Bxg4 20. Rdh1 Qa3+ 21.
Kd2 Qc5 22. f4 Nc4+ 23. Bxc4 bxc4 24. e5 Nh5 25. Qg1 f5 26. exf6 Nxf6 27. Rxh7
e5 28. Rh8+ Kg7 29. Qxg4 exd4 30. R8h7+ Nxh7 31. Qd7+ Rf7 32. Rxh7+ Kxh7 33.
Qxf7+ Kh6 34. Qf8+ Kh5 35. Qh8+ Kg4 36. cxd4 Qb4+ 37. Ke2 Qc3 38. Qc8+ Kg3 39.
Qxa6 Qxc2+ 40. Ke1 c3 41. Qe2 Qc1+ 42. Qd1 Qe3+ 43. Qe2 Qg1+ 44. Qf1 Qxf1+ 0-1

[Event "9. Copa Itau de Xadrez"]
[Site "Sao Paulo BRA"]
[Date "2005.10.08"]
[Round "7.10"]
[White "Molina, Roberto"]
[Black "Lujan, Carolina"]
[Result "1/2-1/2"]
[WhiteElo "2238"]
[BlackElo "2322"]
[PlyCount "108"]
[EventDate "2005.10.02"]
[EventType "swiss"]
[EventRounds "9"]
[EventCountry "BRA"]
[Source "lmi"]
[SourceDate "2005.10.11"]

1. d4 Nf6 2. Nc3 d5 3. Bg5 c6 4. Qd2 Nbd7 5. O-O-O e6 6. f3 Qa5 7. e4 dxe4 8.
Bxf6 Nxf6 9. fxe4 Bb4 10. Bd3 Bd7 11. a3 Bxc3 12. Qxc3 Qxc3 13. bxc3 c5 14. e5
Nd5 15. Kd2 Rc8 16. Ne2 Rc7 17. Rb1 O-O 18. Rb2 Nb6 19. h4 Rd8 20. Nf4 Bc6 21.
Ke3 Rcd7 22. Re1 c4 23. Rxb6 axb6 24. Bxc4 Ba4 25. Bd3 g6 26. Rb1 Bc6 27. Rxb6
Ra8 28. Rb3 Ba4 29. Rb1 Bc6 30. Ra1 b5 31. Be4 Bxe4 32. Kxe4 Rc7 33. Kd3 Rc4
34. Rb1 Rxa3 35. Ne2 Ra7 36. Rxb5 Rac7 37. Rb3 f6 38. exf6 Kf7 39. Ng3 Kxf6 40.
Ne4+ Ke7 41. Nc5 R7xc5 42. dxc5 Rxh4 43. Rb7+ Kd8 44. Rg7 e5 45. c6 Kc8 46. c7
Kb7 47. c4 Rh2 48. Ke4 Rxg2 49. Rxh7 Rxc2 50. Kd5 e4 51. Rg7 e3 52. Rxg6 Rd2+
53. Kc5 e2 54. Re6 Kxc7 1/2-1/2

[Event "9. Copa Itau de Xadrez"]
[Site "Sao Paulo BRA"]
[Date "2005.10.09"]
[Round "8.2"]
[White "Matsuura, Everaldo"]
[Black "Vescovi, Giovanni"]
[Result "1/2-1/2"]
[WhiteElo "2453"]
[BlackElo "2646"]
[PlyCount "90"]
[EventDate "2005.10.02"]
[EventType "swiss"]
[EventRounds "9"]
[EventCountry "BRA"]
[Source "lmi"]
[SourceDate "2005.10.11"]

1. e4 c6 2. d4 d5 3. exd5 cxd5 4. c4 Nf6 5. Nc3 e6 6. Nf3 Bb4 7. cxd5 Nxd5 8.
Bd2 O-O 9. Bd3 Nc6 10. O-O Be7 11. Qe2 Nf6 12. Ne4 Qb6 13. Be3 Nd5 14. Nc3 Nxe3
15. fxe3 Bd7 16. Rac1 Rad8 17. Kh1 Bc8 18. Bb1 Qa5 19. Qf2 Qh5 20. e4 Bb4 21.
a3 Ba5 22. Na4 Bc7 23. Rc5 Qh6 24. d5 exd5 25. exd5 Bg4 26. Qh4 Qxh4 27. Nxh4
Bd6 28. dxc6 Bxc5 29. Nxc5 bxc6 30. Be4 Rd6 31. h3 Bc8 32. b4 Re8 33. Nf3 g6
34. Bd3 Kg7 35. Re1 Rxe1+ 36. Nxe1 Rd5 37. Kg1 a5 38. Be4 Rd1 39. Kf2 axb4 40.
axb4 Rd6 41. g4 h5 42. gxh5 Bxh3 43. hxg6 fxg6 44. Nf3 Bf5 45. Bxf5 gxf5
1/2-1/2

[Event "9. Copa Itau de Xadrez"]
[Site "Sao Paulo BRA"]
[Date "2005.10.09"]
[Round "8.3"]
[White "Crosa, Martin"]
[Black "Felgaer, Ruben"]
[Result "0-1"]
[WhiteElo "2419"]
[BlackElo "2636"]
[PlyCount "68"]
[EventDate "2005.10.02"]
[EventType "swiss"]
[EventRounds "9"]
[EventCountry "BRA"]
[Source "lmi"]
[SourceDate "2005.10.11"]

1. f4 d5 2. Nf3 Nf6 3. g3 g6 4. Bg2 Bg7 5. O-O O-O 6. d3 b6 7. e4 dxe4 8. Ng5
Bb7 9. Nxe4 Nxe4 10. dxe4 Ba6 11. Re1 Bd4+ 12. Kh1 Bf2 13. Rf1 e5 14. Nc3 Bxf1
15. Qxf1 Bd4 16. Ne2 Bc5 17. f5 Re8 18. h4 Nd7 19. Qf3 Qe7 20. Bh6 Rad8 21. Nc3
c6 22. Rf1 f6 23. Nd1 Qf7 24. b3 Kh8 25. Bh3 Bf8 26. Bc1 Nc5 27. Nf2 Bg7 28. g4
gxf5 29. gxf5 Rg8 30. Bg4 Bf8 31. Bh5 Qg7 32. Kh2 Rd4 33. Be3 Nxe4 34. Bxd4
Nxf2 0-1

[Event "9. Copa Itau de Xadrez"]
[Site "Sao Paulo BRA"]
[Date "2005.10.09"]
[Round "8.4"]
[White "Alonso, Jonathan"]
[Black "Hungaski, Robert"]
[Result "1/2-1/2"]
[WhiteElo "2378"]
[BlackElo "2371"]
[PlyCount "54"]
[EventDate "2005.10.02"]
[EventType "swiss"]
[EventRounds "9"]
[EventCountry "BRA"]
[Source "lmi"]
[SourceDate "2005.10.11"]

1. e4 e5 2. Nc3 Nf6 3. Bc4 Bc5 4. d3 d6 5. Na4 Bb6 6. Nxb6 axb6 7. Nf3 Be6 8.
Bxe6 fxe6 9. O-O O-O 10. Ng5 Qe8 11. f4 h6 12. fxe5 dxe5 13. Nf3 Nc6 14. Bd2
Qh5 15. Qe1 Nd4 16. Nxd4 exd4 17. Qg3 Rf7 18. e5 Nd5 19. Rxf7 Kxf7 20. Qf2+ Kg8
21. Qxd4 Qe2 22. Qf2 Qxe5 23. c3 Rf8 24. Qe1 Qf5 25. Qe2 e5 26. Re1 Nf4 27.
Bxf4 exf4 1/2-1/2

[Event "9. Copa Itau de Xadrez"]
[Site "Sao Paulo BRA"]
[Date "2005.10.09"]
[Round "8.5"]
[White "Leitao, Rafael"]
[Black "Fier, Alexandr"]
[Result "1/2-1/2"]
[WhiteElo "2586"]
[BlackElo "2443"]
[PlyCount "36"]
[EventDate "2005.10.02"]
[EventType "swiss"]
[EventRounds "9"]
[EventCountry "BRA"]
[Source "lmi"]
[SourceDate "2005.10.11"]

1. d4 Nf6 2. c4 e6 3. Nf3 b6 4. g3 Ba6 5. Nbd2 Bb7 6. Bg2 c5 7. O-O cxd4 8.
Nxd4 Bxg2 9. Kxg2 Qc8 10. b3 Nc6 11. N2f3 Nxd4 12. Qxd4 Be7 13. Bf4 O-O 14. Bd6
Bxd6 15. Qxd6 Qb7 16. Rfd1 Rac8 17. Kg1 Rc6 18. Qd4 d5 1/2-1/2

[Event "9. Copa Itau de Xadrez"]
[Site "Sao Paulo BRA"]
[Date "2005.10.09"]
[Round "8.6"]
[White "Limp, Eduardo"]
[Black "Molina, Roberto"]
[Result "1/2-1/2"]
[WhiteElo "2447"]
[BlackElo "2238"]
[PlyCount "126"]
[EventDate "2005.10.02"]
[EventType "swiss"]
[EventRounds "9"]
[EventCountry "BRA"]
[Source "lmi"]
[SourceDate "2005.10.11"]

1. d4 Nf6 2. Nf3 e6 3. c3 c5 4. Bg5 d5 5. e3 Nbd7 6. Nbd2 Be7 7. Bd3 h6 8. Bh4
Qb6 9. Rb1 Bd6 10. Bg3 Bxg3 11. hxg3 Qd6 12. O-O O-O 13. e4 dxe4 14. Nxe4 Nxe4
15. Bxe4 Nf6 16. Bc2 b6 17. dxc5 Qxc5 18. Qd4 Qc7 19. Qf4 Qxf4 20. gxf4 Bb7 21.
Ne5 Rfd8 22. Rfd1 Kf8 23. Kf1 Ke7 24. g3 Ne4 25. Ke2 f6 26. Nf3 Nd6 27. Nd4 e5
28. fxe5 fxe5 29. Nf5+ Nxf5 30. Bxf5 Bd5 31. Ke3 Be6 32. Be4 Rxd1 33. Rxd1 Rd8
34. Rh1 Bd5 35. Rd1 Be6 36. Rc1 Bd5 37. Bxd5 Rxd5 38. c4 Rd7 39. c5 bxc5 40.
Rxc5 Ke6 41. Ra5 g6 42. g4 Kf6 43. Ra6+ Kg5 44. Re6 Rd5 45. f3 h5 46. gxh5 gxh5
47. Ke4 Rb5 48. b3 h4 49. Re8 a5 50. Rh8 Kf6 51. Rh7 Kg5 52. Rh8 Kf6 53. Ke3 a4
54. bxa4 Rb4 55. a5 Ra4 56. a6 Kg7 57. Rh5 Rxa6 58. Rxe5 Rxa2 59. Rh5 Ra4 60.
f4 h3 61. Kf3 Kg6 62. Rh8 Ra2 63. Rxh3 Ra3+ 1/2-1/2

[Event "9. Copa Itau de Xadrez"]
[Site "Sao Paulo BRA"]
[Date "2005.10.09"]
[Round "8.8"]
[White "Braga, Cicero"]
[Black "Gomez, Gustavo"]
[Result "1-0"]
[WhiteElo "2420"]
[BlackElo "2052"]
[PlyCount "83"]
[EventDate "2005.10.02"]
[EventType "swiss"]
[EventRounds "9"]
[EventCountry "BRA"]
[Source "lmi"]
[SourceDate "2005.10.11"]

1. c4 e5 2. g3 Nf6 3. Bg2 Nc6 4. Nc3 Bb4 5. Nf3 Bxc3 6. bxc3 O-O 7. O-O d6 8.
d3 h6 9. Rb1 e4 10. Nd4 Ne5 11. f4 exf3 12. Nxf3 Nxf3+ 13. Bxf3 c6 14. e4 Nh7
15. Bg2 Rb8 16. Bf4 Ra8 17. g4 Qh4 18. Bxd6 Bxg4 19. Qd2 Rfd8 20. Qf4 Rd7 21.
h3 g5 22. Qxg4 Qxg4 23. hxg4 Rxd6 24. Rxb7 Rf8 25. d4 Rf6 26. Rxf6 Nxf6 27. Bf3
h5 28. gxh5 g4 29. e5 Nxh5 30. Bxg4 Nf4 31. Bf3 Kg7 32. Bxc6 Kg6 33. Be4+ Kg5
34. Kf2 Nh3+ 35. Ke3 Nf4 36. Rxa7 Rh8 37. Rxf7 Rh3+ 38. Bf3 Ng2+ 39. Kf2 Nh4
40. e6 Rh2+ 41. Ke3 Nf5+ 42. Rxf5+ 1-0

[Event "9. Copa Itau de Xadrez"]
[Site "Sao Paulo BRA"]
[Date "2005.10.09"]
[Round "8.9"]
[White "Aranha, Alvaro"]
[Black "Disconzi da Silva, Rodrigo"]
[Result "1/2-1/2"]
[WhiteElo "2264"]
[BlackElo "2389"]
[PlyCount "71"]
[EventDate "2005.10.02"]
[EventType "swiss"]
[EventRounds "9"]
[EventCountry "BRA"]
[Source "lmi"]
[SourceDate "2005.10.11"]

1. d4 Nf6 2. c4 e6 3. Nf3 c5 4. Nc3 cxd4 5. Nxd4 Nc6 6. Ndb5 Bc5 7. Nd6+ Ke7 8.
Nde4 Nxe4 9. Nxe4 Bb4+ 10. Bd2 d5 11. Bxb4+ Nxb4 12. Qa4 a5 13. Nd2 dxc4 14.
Qd1 b5 15. a3 Nd5 16. e4 Nb6 17. a4 Nxa4 18. Nxc4 Qxd1+ 19. Kxd1 Bb7 20. f3
Rhd8+ 21. Ke1 Bc6 22. Ne5 Be8 23. Nd3 b4 24. Be2 Rac8 25. Kf2 Rc2 26. Rhc1
Rxe2+ 27. Kxe2 Bb5 28. Rxa4 Bxa4 29. Rc5 Ra8 30. Rc7+ Bd7 31. Ne5 Kd6 32. Rxd7+
Kxe5 33. Rb7 Kd4 34. Kd2 Kc4 35. Kc2 a4 36. Rxf7 1/2-1/2

[Event "9. Copa Itau de Xadrez"]
[Site "Sao Paulo BRA"]
[Date "2005.10.09"]
[Round "8.10"]
[White "Ramon, Vivian"]
[Black "De Souza, Mauro Guimaraes"]
[Result "1/2-1/2"]
[WhiteElo "2260"]
[BlackElo "2378"]
[PlyCount "137"]
[EventDate "2005.10.02"]
[EventType "swiss"]
[EventRounds "9"]
[EventCountry "BRA"]
[Source "lmi"]
[SourceDate "2005.10.11"]

1. d4 Nf6 2. Nf3 e6 3. e3 c5 4. Bd3 cxd4 5. exd4 Be7 6. O-O O-O 7. Qe2 b6 8.
Rd1 Bb7 9. c3 d6 10. h3 Nbd7 11. Bf4 Re8 12. Ba6 Qc8 13. Bxb7 Qxb7 14. Nbd2 Bf8
15. Qb5 a6 16. Qb3 Rac8 17. Re1 Qc6 18. Bh2 b5 19. a4 Ra8 20. Ng5 d5 21. a5
Rec8 22. Ngf3 g6 23. Ne5 Nxe5 24. Bxe5 Nd7 25. Bf4 Ra7 26. Re3 Rb7 27. Rc1 Bg7
28. Qb4 Bf8 29. Qb3 Nf6 30. Qd1 Nh5 31. Be5 f6 32. Bh2 Bh6 33. Rf3 f5 34. Be5
b4 35. Ra1 Qb5 36. Qe1 bxc3 37. bxc3 Qd7 38. Ra2 Rb5 39. Qe2 Rc6 40. g4 Ng7 41.
Rg3 Ne8 42. g5 Bf8 43. h4 Nd6 44. h5 Qf7 45. hxg6 Qxg6 46. Bf6 Ne4 47. Nxe4
Rb1+ 48. Kg2 dxe4 49. Rb2 Rxb2 50. Qxb2 f4 51. Qb7 f3+ 52. Kh2 Rxc3 53. Qxa6
Rc2 54. Qxe6+ Qf7 55. Qxe4 Qh5+ 56. Rh3 Bd6+ 57. Be5 Bxe5+ 58. Qxe5 Rxf2+ 59.
Kg1 Rg2+ 60. Kf1 Qxh3 61. Qe8+ Kg7 62. Qe7+ Kg6 63. Qf6+ Kh5 64. Qh6+ Kg4 65.
Qe6+ Kg3 66. Qd6+ Kg4 67. Qe6+ Kh4 68. Qh6+ Kg3 69. Qd6+ 1/2-1/2